01794nam a2200301 a 450000100100000000500170001000800410002702000240006802000250009202000230011704000250014008200150016510000280018024501820020825000110039026000540040130000370045550000390049250001830053150000420071450504670075670000450122370000080126870000420127670000440131895201130136299900170147500004504920201002045832.0150130s2009 dr abc 000 0 spa d z9789945461664(v. 2) a9809945461672 (v. 3) a9789945461680(v.4) aDO-SdBNPbspacBNPHU axxxxbxxxx1 aSeverino, Banahi94415610aCiencias sociales /cBanahi Severino, Alejandro Hernández Grullón, Juan Ricardo Hernández Polanco ;ilustraciones y fotografías Ramón Sandoval, Deyanira Féliz Moreno. a3a ed. aSanto Domingo :bActualidad Escolar 2000,c2009-. av. :bil., map. retrs. ;c28 cm. aLa biblioteca posee los grados 2-4 aEste libro ha sido realizado de acuerdo al curriculum vigente y aprobado como libro de texto por la SEE, bajo el no. 6096 de fecha 4 de julio 2006, revisado y actualizado al 2009 aLa catalogación fue tomada del v. 21 av. 2 :tUnidad 1tYo vivo en mi comunidad --tUnidad 2 --t¿Cómo se organiza mi comunidad? --tUnidad 3 --tRepública Dominicana es mi país --gv. 3 :tFamilia y comunidad --tCultura y comunidad en los municipios dominicanos --tRepública Dominicana, primeros pobladores --gv. 4 :tProvincias y regiones dominicanas --tRelieve, hidrografía y clima de las regiones de la República Dominicana --tPrimeros pobladores y llegada de los españoles --12aHernández Polanco, Juan Ricardo94415512eil.12aFéliz Moreno, Deyanira,eil.97305612aHernández Grullón, Alejandro944157 0010718PDaPDbPDcHDd2015-01-30iLF1l0oxxxx xxxxp45049-10r2020-06-25w2020-06-25yLFPDZNo se presta c44538d44538